Score 0/10 Timer 01:00
3 Plays Today
% Correct
Italy
92.5%
Pakistan
88.3%
China
84.2%
United States
82.8%
Austria
74.2%
Mexico
73.4%
Denmark
71.3%
United Kingdom
47.9%
New Zealand
43.3%
Namibia
28.6%

Today's Daily Dose

Remove Ads.
Support Sporcle.
Get the best of Sporcle when you Go Orange. This ad-free experience offers more features, more stats, and more fun while also helping to support Sporcle. Thank you for becoming a member.

You're not logged in!

Compare scores with friends on all Sporcle quizzes.
OR
Log In

Show Comments

Extras

Top Quizzes Today


Score Distribution

Your Account Isn't Verified!

In order to create a playlist on Sporcle, you need to verify the email address you used during registration. Go to your Sporcle Settings to finish the process.

Report this User

Report this user for behavior that violates our Community Guidelines.

Details: